000 00208 a2200097 4500
001 47583
100 _aFoster F
245 _acomrades in bondage
260 _aLondon
_bSkeffington
_c
090 _c30596
_d30596
942 _aNUST-CAE
_cM
_c22887
999 _c282656
_d282656